Código penal de 23 de diciembre de 1944 ordenado conforme a los preceptos y orientaciones de la Ley de Bases de 19 de julio de 1944 adicionado con jurisprudencia pertinente, antecedentes... / (Record no. 44869)

MARC details
000 -LEADER
campo de control de longitud fija 00845nam a2200205 i 4500
001 - NÚMERO DE CONTROL
campo de control 44869
003 - IDENTIFICADOR DE NÚMERO DE CONTROL
campo de control ES-MaACL
005 - FECHA Y HORA DE LA ÚLTIMA TRANSACCIÓN
campo de control 20250827095307.0
007 - CAMPO FIJO DE DESCRIPCIÓN FÍSICA--INFORMACIÓN GENERAL
campo de control de longitud fija t|
008 - DATOS DE LONGITUD FIJA--INFORMACIÓN GENERAL
campo de control de longitud fija 030324q1945 sp ||||1| spa d
245 00 - MENCIÓN DEL TÍTULO
Título Código penal de 23 de diciembre de 1944 ordenado conforme a los preceptos y orientaciones de la Ley de Bases de 19 de julio de 1944 adicionado con jurisprudencia pertinente, antecedentes... /
Mención de responsabilidad, etc. por la redacción de las Revista de los Tribunales.
250 ## - MENCION DE EDICION
Mención de edición 1ª ed.
260 ## - PUBLICACIÓN, DISTRIBUCIÓN, ETC.
Lugar de publicación, distribución, etc. Madrid :
Nombre del editor, distribuidor, etc. Góngora,
Fecha de publicación, distribución, etc. [1945?]
300 ## - DESCRIPCIÓN FÍSICA
Extensión 536 p. ;
Dimensiones 15 cm.
490 1# - MENCIÓN DE SERIE
Mención de serie Biblioteca de bolsillo. Códigos y leyes anotados
710 2# - ENTRADA AGREGADA--NOMBRE DE ENTIDAD CORPORATIVA
Nombre de entidad corporativa o nombre de jurisdicción como elemento de entrada Revista de los Tribunales (Madrid)
9 (RLIN) 6444
830 00 - PUNTO DE ACCESO ADICIONAL DE SERIE-TÍTULO UNIFORME
Título uniforme Biblioteca de bolsillo.
Nombre de parte o sección de la obra Códigos y leyes anotados
9 (RLIN) 182122
852 ## - LOCALIZACIÓN
Ubicación ES-MaACL
Número de control de estantería A-5401
Sublocalización o colección R.21744
Holdings
Estatus retirado Estado de pérdida Estado de daño No para préstamo Biblioteca de origen Biblioteca actual Ubicación en estantería Fecha de adquisición Fuente de adquisición Total de préstamos Signatura topográfica completa Código de barras Visto por última vez Precio de reemplazo Tipo de ítem Koha
        Biblioteca del Ateneo de Madrid Biblioteca del Ateneo de Madrid Sala Pecera Planta 1 17/01/2008     A-5401 1047221 23/02/2023 23/02/2023 Libro impreso